Muž z Brna /
"Policejní komedie", v níž hraje hlavní roli svéráz moravské metropole.
Uloženo v:
| Série: | Muž z Brna,
část 1 |
|---|---|
| Hlavní autor: | |
| Médium: | E-audiokniha |
| Jazyk: | Czech |
| Vydáno: |
V Praze :
Motto,
2025
|
| Vydání: | 1. vydání |
| Témata: | |
| Příbuzné jednotky: | Z cyklu::
Muž z Brna |
| Tagy: |
Žádné tagy |
| LEADER | 04372nam a2200937 i 4500 | ||
|---|---|---|---|
| 001 | 313467 | ||
| 003 | CZ PrSKC | ||
| 005 | 20260601215743.0 | ||
| 007 | ta | ||
| 008 | 250327s2025 xr g 000 f cze | ||
| 015 | |a cnb003678636 | ||
| 020 | |a 9788026728139 |q (vázáno) : |c Kč 399,00 | ||
| 035 | |a (OCoLC)1519101728 | ||
| 040 | |a ABG001 |b cze |d ABA001 |e rda | ||
| 072 | 7 | |a 821.162.3-3 |x Česká próza |2 Konspekt | |
| 080 | |a 821.162.3-31 |2 MRF | ||
| 080 | |a (0:82-311.5) |2 MRF | ||
| 100 | 1 | |a Klabouchová, Petra, |d 1980- |7 ola2006345384 |4 aut | |
| 245 | 1 | 0 | |a Muž z Brna / |c Petra Klabouchová |
| 250 | |a 1. vydání | ||
| 264 | 1 | |a V Praze : |b Motto, |c 2025 | |
| 300 | |a 292 stran ; |c 21 cm | ||
| 336 | |a text |b txt |2 rdacontent | ||
| 337 | |a bez média |b n |2 rdamedia | ||
| 338 | |a svazek |b nc |2 rdacarrier | ||
| 520 | 2 | |a "Policejní komedie", v níž hraje hlavní roli svéráz moravské metropole. |b Kdo by tuhle vraždu mohl vyšetřit líp než on? Popravdě? Kdokoliv! Jejich revírem je štatl, jejich tempo je rozvážné, jejich protivníky jsou všichni, kdo narušují provoz policejní služebny v Brně-Komárově. Vše změní nedobrovolná posila z Prahy. Josef Ječmínek doplní tým majora Vítámváse zahrnující bývalého fotbalistu strážmistra Píče, Loba s lehkou mozkovou dysfunkcí, Brendu Kakáčovou s nečitelným výrazem a Páju z Cejlu čili Palerma Rolexe Lakatoše. Může Pražák v Brně konečně nastolit spravedlnost? Tohle město vyžaduje hodně odvahy. A taky trpělivosti. Nakladatelská anotace. | |
| 655 | 7 | |a české romány |7 fd133974 |2 czenas | |
| 655 | 7 | |a humoristické romány |7 fd132431 |2 czenas | |
| 655 | 9 | |a Czech fiction |2 eczenas | |
| 655 | 9 | |a humorous novels |2 eczenas | |
| 787 | 0 | 8 | |i Z cyklu: |t Muž z Brna |g 1 |
| 900 | |a ABA001 |b 19 | ||
| 928 | 9 | |a Albatros Media - Motto | |
| 044 | |a xr | ||
| 505 | 0 | 0 | |t 00_Uvod (3 min., 36 sek.) |
| 505 | 0 | 0 | |t 01_Kapitola 1 (15 min., 11 sek.) |
| 505 | 0 | 0 | |t 02_Kapitola 2 (12 min., 3 sek.) |
| 505 | 0 | 0 | |t 03_Kapitola 3 (8 min., 0 sek.) |
| 505 | 0 | 0 | |t 04_Kapitola 4 (14 min., 59 sek.) |
| 505 | 0 | 0 | |t 05_Kapitola 5 (13 min., 41 sek.) |
| 505 | 0 | 0 | |t 06_Kapitola 6 (2 min., 49 sek.) |
| 505 | 0 | 0 | |t 07_Kapitola 7 (4 min., 12 sek.) |
| 505 | 0 | 0 | |t 08_Kapitola 8 (5 min., 36 sek.) |
| 505 | 0 | 0 | |t 09_Kapitola 9 (17 min., 44 sek.) |
| 505 | 0 | 0 | |t 10_Kapitola 10 (14 min., 41 sek.) |
| 505 | 0 | 0 | |t 11_Kapitola 11 (11 min., 0 sek.) |
| 505 | 0 | 0 | |t 12_Kapitola 12 (5 min., 49 sek.) |
| 505 | 0 | 0 | |t 13_Kapitola 13 (21 min., 19 sek.) |
| 505 | 0 | 0 | |t 14_Kapitola 14 (18 min., 21 sek.) |
| 505 | 0 | 0 | |t 15_Kapitola 15 (13 min., 55 sek.) |
| 505 | 0 | 0 | |t 16_Kapitola 16 (20 min., 15 sek.) |
| 505 | 0 | 0 | |t 17_Kapitola 17 (10 min., 32 sek.) |
| 505 | 0 | 0 | |t 18_Kapitola 18 (8 min., 25 sek.) |
| 505 | 0 | 0 | |t 19_Kapitola 19 (10 min., 29 sek.) |
| 505 | 0 | 0 | |t 20_Kapitola 20 (10 min., 11 sek.) |
| 505 | 0 | 0 | |t 21_Kapitola 21 (10 min., 10 sek.) |
| 505 | 0 | 0 | |t 22_Kapitola 22 (24 min., 58 sek.) |
| 505 | 0 | 0 | |t 23_Kapitola 23 (14 min., 9 sek.) |
| 505 | 0 | 0 | |t 24_Kapitola 24 (10 min., 44 sek.) |
| 505 | 0 | 0 | |t 25_Kapitola 25 (12 min., 24 sek.) |
| 505 | 0 | 0 | |t 26_Kapitola 26 (7 min., 32 sek.) |
| 505 | 0 | 0 | |t 27_Kapitola 27 (15 min., 19 sek.) |
| 505 | 0 | 0 | |t 28_Kapitola 28 (9 min., 37 sek.) |
| 505 | 0 | 0 | |t 29_Kapitola 29 (8 min., 1 sek.) |
| 505 | 0 | 0 | |t 30_Kapitola 30 (5 min., 52 sek.) |
| 505 | 0 | 0 | |t 31_Kapitola 31 (13 min., 6 sek.) |
| 505 | 0 | 0 | |t 32_Kapitola 32 (7 min., 4 sek.) |
| 505 | 0 | 0 | |t 33_Kapitola 33 (9 min., 37 sek.) |
| 505 | 0 | 0 | |t 34_Kapitola 34 (7 min., 29 sek.) |
| 505 | 0 | 0 | |t 35_Kapitola 35 (14 min., 18 sek.) |
| 505 | 0 | 0 | |t 36_Kapitola 36 (14 min., 12 sek.) |
| 505 | 0 | 0 | |t 37_Kapitola 37 (14 min., 7 sek.) |
| 505 | 0 | 0 | |t 38_Kapitola 38 (11 min., 42 sek.) |
| 505 | 0 | 0 | |t 39_Kapitola 39 (10 min., 21 sek.) |
| 505 | 0 | 0 | |t 40_Kapitola 40 (4 min., 19 sek.) |
| 505 | 0 | 0 | |t 41_Kdyz sen o lepsich zitrcich.. (1 min., 35 sek.) |
| 505 | 0 | 0 | |t 42_Zaverecne titulky (1 min., 28 sek.) |
| 505 | 0 | 0 | |t 43_Velky brnensky happy end (15 min., 50 sek.) |
| 910 | |a RBIT002 | ||
| 998 | |d 421584 |a https://core.palmknihy.cz/api/books/421584/cover?szym77 |b https://core.palmknihy.cz/api/books/421584/cover/400?szym77 |c https://core.palmknihy.cz/api/books/421584/cover/50?szym77 |e 2034-12-31 |i 9788026728139 |l 29220 |q 49 |r 1 |s https://www.palmknihy.cz/kniha/421584 |t audiobook |y 2025 |z 0 | ||
| 999 | |d 313465 | ||